Ekonomické účty pro zemědělství.
Ekonomické účty pre poľnohospodárstvo poskytujú systém vzájomne zviazaných ekonomických informácií o poľnohospodárstve, podobne ako systém národných účtov o celej ekonomike. Je to lepší spôsob ako tradičné poľnohospodárske prehľady, ktoré sa vzťahujú buď na podniky, alebo na tovary. Poľnohospodársky...
Salvato in:
| Autore principale: | |
|---|---|
| Altri autori: | |
| Natura: | Capitolo di libro |
| Lingua: | ceco |
| Soggetti: | |
| Tags: |
Nessun Tag, puoi essere il primo ad aggiungerne!!
|
MARC
| LEADER | 00000naa a2200000 4500 | ||
|---|---|---|---|
| 001 | r011879 | ||
| 005 | 20220826094527.5 | ||
| 041 | 0 | |a cze | |
| 044 | |a SK | ||
| 245 | 1 | 0 | |a Ekonomické účty pro zemědělství. |c Vladimír Jeníček, B. Boučková |
| 520 | |a Ekonomické účty pre poľnohospodárstvo poskytujú systém vzájomne zviazaných ekonomických informácií o poľnohospodárstve, podobne ako systém národných účtov o celej ekonomike. Je to lepší spôsob ako tradičné poľnohospodárske prehľady, ktoré sa vzťahujú buď na podniky, alebo na tovary. Poľnohospodársky podnik ako jednotka odvetvovej klasifikácie. Systém ekonomických účtov pre poľnohospodárstvo. Účet produkcie a komoditný účet. | ||
| 610 | 2 | 0 | |a účty |
| 610 | 2 | 0 | |a poľnohospodárstvo |
| 610 | 2 | 0 | |a informácie hospodárske |
| 610 | 2 | 0 | |a produkcia |
| 610 | 2 | 0 | |a komodity |
| 610 | 2 | 0 | |a podnik poľnohospodársky |
| 610 | 2 | 0 | |a ISIC |
| 610 | 2 | 0 | |a účty národné |
| 610 | 2 | 0 | |a tvorba kapitálu |
| 100 | 1 | |a Jeníček, Vladimír | |
| 700 | 1 | |a Boučková, B. | |